El territorio mexicano : la nación y los estados /
Tallennettuna:
| Aineistotyyppi: | Kirja |
|---|---|
| Kieli: | espanja |
| Julkaistu: |
México :
Instituto Mexicano del Seguro Social,
1982
|
| Aiheet: | |
| Tagit: |
Ei tageja, Lisää ensimmäinen tagi!
|
MARC
| LEADER | 00000nam^a2200000^a^4500 | ||
|---|---|---|---|
| 001 | 000012218 | ||
| 005 | 20250521000000.0 | ||
| 009 | 20260310083816.235 | ||
| 037 | |a Acervo ITESO - Biblioteca | ||
| 041 | |a ESP | ||
| 082 | |a 972. |b INS | ||
| 245 | 1 | 3 | |a El territorio mexicano : |b la nación y los estados / |c IMSS. |
| 264 | 1 | |a México : |b Instituto Mexicano del Seguro Social, |c 1982 | |
| 300 | |a 2 v. | ||
| 336 | |a texto |b txt |2 rdacontenido | ||
| 337 | |a sin mediación |b n |2 rdamedio | ||
| 338 | |a volumen |b nc |2 rdasoporte | ||
| 649 | |a XX | ||
| 650 | |a México - |x Historia | ||
| 650 | |a Geografía - |z México | ||
| 910 | |a Fondo General | ||
| 920 | |a Impresos - Libros | ||
| 930 | |a Obras de Referencia | ||
| 905 | |a 102 | ||
| 901 | |a 0122180100 |b IT2 |c REF |i 012218 |u 20250521 | ||
| 901 | |a 0122180102 |b IT2 |c REF |i 902350 |u 20250521 | ||
| 902 | |a https://opac.biblio.iteso.mx/vufind/Record/000012218 | ||